[Event "Czech Extra League 2000-1"]
[Site "CZE"]
[Date "2001.04.08"]
[Round "11"]
[White "Pacovsky,J"]
[Black "Cech,P"]
[Result "0-1"]
[WhiteElo "2330"]
[BlackElo "2330"]

1.c4 c6 2.Nf3 d5 3.b3 Nf6 4.g3 Bf5 5.Bg2 e6 6.O-O Nbd7 7.d3 h6 8.Bb2 Be7
9.Nbd2 O-O 10.Re1 Bh7 11.Qc2 Qb6 12.h3 a5 13.a3 Bc5 14.e3 Rfd8 15.Bf1 Be7
16.Qc3 Nc5 17.Ne5 Bf8 18.Rab1 dxc4 19.bxc4 Na4 20.Qc2 Nxb2 21.Qxb2 Qxb2 22.Rxb2 Bxa3
23.Rxb7 Bb4 24.Rd1 c5 25.Nxf7 Rd7 26.Rxd7 Nxd7 27.Nd6 a4 28.Nb5 a3 29.Nb3 Ne5
30.f4 Nxc4 31.dxc4 Bc2 32.Rd3 Bxb3 33.Nxa3 Rxa3 34.Rd8+ Kf7 35.Rd7+ Kf8 36.Be2 Ba4
37.Ra7 Bc6 38.Rc7 Ra1+ 39.Bf1 Be4 40.Rc8+ Kf7 41.Rc7+ Kf6 42.Rd7  0-1

[Event "Open NOR-ch Junior"]
[Site "Oslo NOR"]
[Date "2001.04.08"]
[Round "3"]
[White "Hanley,C"]
[Black "Topi Hulmi,T"]
[Result "1-0"]
[WhiteElo "2306"]
[BlackElo "2103"]

1.c4 c6 2.d4 d5 3.Nf3 Nf6 4.e3 Bf5 5.Nc3 e6 6.Be2 Nbd7 7.O-O Bd6 8.c5 Be7
9.b4 a6 10.Bd2 h6 11.a4 O-O 12.b5 axb5 13.axb5 e5 14.Rxa8 Qxa8 15.dxe5 Nh7
16.Nd4 Bg6 17.f4 Be4 18.Nxe4 dxe4 19.bxc6 bxc6 20.Qc2 Bxc5 21.Qxe4 Rc8 22.Bc4 Bxd4
23.exd4 Nhf8 24.Qf5  1-0

[Event "Solett Open"]
[Site "Skelleftea SWE"]
[Date "2001.04.10"]
[Round "1"]
[White "Linqvist,G"]
[Black "Hillarp Persson,T"]
[Result "0-1"]
[WhiteElo "2150"]
[BlackElo "2443"]

1.c4 c6 2.Nc3 d5 3.cxd5 cxd5 4.d4 Nf6 5.Nf3 Nc6 6.Bf4 a6 7.e3 Bg4 8.Be2 e6
9.h3 Bxf3 10.Bxf3 Bd6 11.Bxd6 Qxd6 12.O-O O-O 13.Be2 Rfe8 14.Qb3 b5 15.Rac1 h5
16.Qd1 e5 17.dxe5 Rxe5 18.Qd3 Rd8 19.Rfd1 Qe6 20.Bf1 Rg5 21.Kh1 b4 22.Na4 Ne4
23.Qc2 Qf5 24.Kg1 Ne5  0-1

[Event "Solett Open"]
[Site "Skelleftea SWE"]
[Date "2001.04.11"]
[Round "3"]
[White "Lucena,L"]
[Black "Schmitz,A"]
[Result "1-0"]
[WhiteElo "2245"]
[BlackElo "2161"]

1.c4 c6 2.e4 e5 3.Nf3 Nf6 4.Nc3 Bb4 5.d3 d5 6.cxd5 cxd5 7.Qa4+ Nc6 8.Nxe5 O-O
9.Nxc6 Bxc3+ 10.bxc3 bxc6 11.Be2 dxe4 12.dxe4 Re8 13.f3 Qb6 14.Qd4 c5 15.Qf2 Ba6
16.O-O Bxe2 17.Qxe2 Rad8 18.Qc4 Qc7 19.Be3 Rc8 20.Rab1 Nd7 21.Rfd1 Nb6 22.Qb5 f5
23.a4 Qc6 24.a5 Qxb5 25.Rxb5 Nc4 26.Bf2 fxe4 27.fxe4 Rxe4 28.Rd7 a6 29.Rbb7 Rg4
30.Bxc5 Nxa5 31.Ra7 Nb3 32.Bd6 Rg5 33.h4 Rg4 34.Be5 a5 35.h5 Nc5 36.Rxg7+ Rxg7
37.Rxg7+ Kf8 38.Rxh7 Rc6 39.h6 Nd3 40.Bd4 a4 41.Ra7 a3 42.h7  1-0

[Event "ch-City"]
[Site "St Petersburg RUS"]
[Date "2001.04.12"]
[Round "3"]
[White "Popov,Val"]
[Black "Kashtanov,R"]
[Result "1-0"]
[WhiteElo "2545"]
[BlackElo "2412"]

1.c4 c6 2.Nf3 d5 3.e3 a6 4.d4 Nf6 5.Nbd2 Bf5 6.Qb3 Ra7 7.Bd3 e6 8.O-O b5
9.Bxf5 exf5 10.cxb5 cxb5 11.a4 b4 12.Ne5 Be7 13.Ndf3 O-O 14.Bd2 Ne4 15.Rfc1 Rc7
16.Rxc7 Qxc7 17.Qxd5 Qc2 18.Nxf7 Rxf7 19.Rc1 Qxa4 20.Ne5 Nd6 21.Nxf7 Nxf7
22.Qxf5 Bf8 23.h3 Nd7 24.b3 Qa2 25.Bxb4 Qxb3 26.Bxf8 Nxf8 27.Rc8 Qb7 28.Qc5 Nd6
29.Rd8  1-0

[Event "Solett Open"]
[Site "Skelleftea SWE"]
[Date "2001.04.13"]
[Round "5"]
[White "Krylov,St"]
[Black "Lindgren,F"]
[Result "0-1"]
[WhiteElo "2295"]
[BlackElo "2208"]

1.c4 c6 2.b3 d5 3.Bb2 Bf5 4.Nf3 e6 5.g3 h6 6.Bg2 Nf6 7.O-O Be7 8.d3 O-O 9.Nbd2 Nbd7
10.Qc2 Bh7 11.Rac1 a5 12.Bc3 Ba3 13.Rcd1 Qe7 14.Nb1 Bd6 15.Qb2 e5 16.Ne1 b5
17.cxb5 cxb5 18.Rc1 Qe6 19.Qd2 b4 20.Bb2 Bf5 21.Nc2 Bh3 22.Ne3 d4 23.Nc4 Bxg2
24.Kxg2 Nd5 25.Nxd6 Qxd6 26.e4 Nc3 27.a4 Nc5 28.Qc2 Qa6 29.Nd2 Qxd3 30.f3 f6
31.Rf2 Ra6  0-1

[Event "Solett Open"]
[Site "Skelleftea SWE"]
[Date "2001.04.14"]
[Round "7"]
[White "Lucena,L"]
[Black "Lonngren,T"]
[Result "1/2-1/2"]
[WhiteElo "2245"]
[BlackElo "2063"]

1.c4 c6 2.Nf3 d5 3.e3 Nf6 4.b3 Bf5 5.Bb2 e6 6.Be2 h6 7.O-O Be7 8.d3 O-O 9.Nbd2 Nbd7
10.Re1 Bh7 11.Bf1 a5 12.a3 Nc5 13.Ne5 Nfd7 14.Nxd7 Qxd7 15.Qg4 f6 16.cxd5 cxd5
17.e4 dxe4 18.Nxe4 Bf5 19.Nxc5 Bxc5 20.Qf3 e5 21.Rac1 Rac8 22.h3 Kh8 23.d4 Bxd4
24.Bxd4 exd4 25.Bd3 Bxd3 26.Qxd3 Rxc1 27.Rxc1 Rd8 28.Rc4 Qd6 29.a4 Qe5 30.Rc1 f5
31.Rd1 Qd5 32.Rd2 Rd6 33.Qc4 Qxc4 34.bxc4 b6 35.Rd3 Kg8 36.Kf1 Kf7 37.Ke2 Ke6
38.Rb3 d3+ 39.Rxd3 Rxd3 40.Kxd3 Ke5 41.Ke3 g5 42.g4 f4+  1/2-1/2

[Event "Open"]
[Site "Dubai UAE"]
[Date "2001.04.15"]
[Round "1"]
[White "Magerramov,E"]
[Black "Saleh,Nab"]
[Result "1-0"]
[WhiteElo "2556"]
[BlackElo "2228"]

1.c4 c6 2.e4 d5 3.exd5 cxd5 4.cxd5 Nf6 5.Nc3 Nxd5 6.Nf3 e6 7.d4 Be7 8.Bd3 Nc6
9.O-O O-O 10.Re1 Bf6 11.Be4 Nce7 12.Ne5 Bd7 13.Qd3 g6 14.Qg3 Nf5 15.Bxf5 exf5  1-0

[Event "Israel Open Ch"]
[Site "Tel Aviv ISR"]
[Date "2001.04.16"]
[Round "8"]
[White "Oratovsky,M"]
[Black "Kudischewitsch,D"]
[Result "1-0"]
[WhiteElo "2499"]
[BlackElo "2373"]

1.c4 c6 2.d4 Nf6 3.Nc3 d5 4.e3 g6 5.Nf3 Bg7 6.Be2 O-O 7.O-O dxc4 8.Bxc4 b5
9.Bd3 Bb7 10.e4 c5 11.e5 Ng4 12.e6 f5 13.Bf4 cxd4 14.Nxb5 Nc6 15.Re1 a6 16.Nc7 Ra7
17.Qb3 Nf6 18.Qb6 Nh5 19.Bd2 Qb8 20.Rac1 Rc8 21.Nd5 Nf6 22.Nxe7+ Nxe7 23.Rxc8+ Qxc8
24.Qxa7 Ne4 25.Bxa6 Bxa6 26.Qxe7 Qf8 27.Qd7 Bc8 28.Bb4  1-0

[Event "Open"]
[Site "Dubai UAE"]
[Date "2001.04.18"]
[Round "4"]
[White "Sturua,Z"]
[Black "Ramesh,R"]
[Result "1/2-1/2"]
[WhiteElo "2600"]
[BlackElo "2458"]

1.c4 c6 2.e4 d5 3.exd5 cxd5 4.d4 Nf6 5.Nc3 e6 6.Nf3 Bb4 7.cxd5 Nxd5 8.Qc2 Nc6
9.Be2 O-O 10.O-O Re8 11.Rd1 Bf8 12.a3 h6 13.Bc4 Nxc3 14.bxc3 b6 15.Bf4 Bb7
16.d5 exd5 17.Bxd5 Qf6 18.Bg3 Na5 19.c4 Bxd5 20.cxd5 Rac8 21.Qa4 Bd6 22.Rac1 Bxg3
23.hxg3 Qd6 24.Qb5 Rcd8 25.a4 Re4 26.Rc2 Rb4 27.Qa6 Qd7 28.Ne5 Qf5 29.Re2 Re4
30.f4 Rxe2 31.Qxe2 f6 32.Ng4 Nb7 33.Rd4 Kf8 34.Ne3 Qb1+ 35.Kh2 Nd6 36.Qg4 Qa1
37.Qd1 Qxd1 38.Rxd1 Re8 39.Nc2 Re4 40.Nd4 Ke8 41.Kg1 g6 42.Nb5 Kd7 43.Nxa7 Rxa4
44.Nc6 Nf5 45.Rd3 h5 46.Kf2 h4 47.gxh4 Rxf4+ 48.Kg1 Rxh4 49.Rb3 Kc7 50.Na7 Nd4
51.d6+ Kb7 52.d7 Rh8 53.Rd3 Kxa7 54.Rxd4 Rd8 55.Rd6 f5 56.Kf2 Kb7 57.Ke3 Kc7
58.Rxg6 Rxd7 59.Rg5 Rd5 60.g4 f4+  1/2-1/2

[Event "Classics GM"]
[Site "Gausdal NOR"]
[Date "2001.04.18"]
[Round "4"]
[White "Miezis,N"]
[Black "Hansen,TR"]
[Result "1-0"]
[WhiteElo "2596"]
[BlackElo "2209"]

1.c4 c6 2.e4 d5 3.cxd5 cxd5 4.exd5 Nf6 5.Bb5+ Nbd7 6.Nc3 g6 7.d4 Bg7 8.d6 O-O
9.dxe7 Qxe7+ 10.Be2 b5 11.Nxb5 Bb7 12.Kf1 Rad8 13.Nf3 Nb6 14.a4 Rfe8 15.Ra3 Nbd5
16.Nxa7 Ba8 17.Nb5 Ne4 18.h4 Rc8 19.Bd3 Qb4 20.Rh3 Bc6 21.h5 Bd7 22.Rh4 Bf5
23.hxg6 hxg6 24.g4 Bd7 25.Kg2 g5 26.Nxg5 Rxc1 27.Qxc1 Nxg5 28.Qxg5 Ne3+ 29.Kh3 f5
30.Bxf5 Nxf5 31.gxf5 Qe1 32.Qg2 Bxf5+ 33.Kh2 Qe7 34.Rah3 Bxh3 35.Rxh3 Qf7
36.Rg3 Re2 37.Rf3 Qh5+ 38.Rh3 Qf5 39.Qa8+ Kf7 40.Nd6+  1-0

[Event "Classics IMB"]
[Site "Gausdal NOR"]
[Date "2001.04.20"]
[Round "7"]
[White "Ekeberg,C"]
[Black "Wikstrom,P"]
[Result "0-1"]
[WhiteElo "2098"]
[BlackElo "2244"]

1.c4 c6 2.g3 d5 3.Bg2 Nf6 4.Nf3 Bf5 5.cxd5 cxd5 6.Qb3 Qc8 7.O-O e6 8.d3 Nc6
9.Bf4 Nh5 10.Be3 Be7 11.Qa4 Qd7 12.Nc3 Nf6 13.Bf4 O-O 14.h3 h6 15.Rfc1 a6
16.Qb3 g5 17.Ne5 Qd8 18.Nxc6 bxc6 19.Bd2 Rb8 20.Qc2 c5 21.e4 Bh7 22.h4 dxe4
23.dxe4 Ng4 24.Rd1 Qc7 25.hxg5 hxg5 26.Qc1 Qe5 27.Bh3 Nh6 28.f4 gxf4 29.Bxf4 Qh5
30.Kg2 Ng4 31.Bxb8 Rxb8 32.Bxg4 Qxg4 33.Rb1 Bg5 34.Qc2 Rb4 35.Re1 Bf6 36.Rbd1 Bd4
37.Qe2 Qg7 38.Qc2 f5 39.a3 Rb8 40.exf5 Bxf5 41.Qc1 Qg4 42.Rd2 Qh3+ 43.Kf3 Qh5+  0-1

[Event "Classics GM"]
[Site "Gausdal NOR"]
[Date "2001.04.21"]
[Round "8"]
[White "Miezis,N"]
[Black "Hanley,C"]
[Result "1-0"]
[WhiteElo "2596"]
[BlackElo "2306"]

1.c4 c6 2.e4 e5 3.Nc3 Bc5 4.g3 Qf6 5.Qe2 Ne7 6.Bg2 O-O 7.Nf3 d6 8.d3 h6 9.h3 a5
10.g4 Ng6 11.g5 hxg5 12.Bxg5 Qe6 13.h4 f5 14.O-O-O fxe4 15.Nxe4 Na6 16.h5 Qg4
17.hxg6 Qxg2 18.Nxe5 Rxf2 19.Rh8+  1-0

[Event "GM"]
[Site "Hampstead ENG"]
[Date "2001.04.22"]
[Round "8"]
[White "McNab,C"]
[Black "Palliser,R"]
[Result "1/2-1/2"]
[WhiteElo "2409"]
[BlackElo "2342"]

1.c4 c6 2.d4 d5 3.e3 Nf6 4.Nc3 g6 5.Bd3 Bg7 6.Nf3 O-O 7.O-O Bg4 8.h3 Bxf3
9.Qxf3 e6 10.Rd1 Nbd7 11.Qe2 Re8 12.Qc2 Qe7 13.Bd2 dxc4 14.Bxc4 e5 15.dxe5 Nxe5
16.Be2 Rad8 17.Be1 Qc5 18.Rxd8 Rxd8 19.Rd1 Rxd1 20.Qxd1 h5 21.Qd8+ Kh7 22.Qc7 b5
23.Kf1 Nd5 24.Nxd5 Qxd5 25.Qxa7 Nd3 26.Bc3 Bxc3 27.bxc3 Nc1 28.c4  1/2-1/2

[Event "Ch-Kaissa Club"]
[Site "Kharkov UKR"]
[Date "2001.04.22"]
[Round "5"]
[White "Kalinski,I"]
[Black "Iljin,S"]
[Result "1/2-1/2"]
[WhiteElo "2240"]
[BlackElo "2384"]

1.c4 c6 2.Nf3 d5 3.b3 Nf6 4.Bb2 e6 5.e3 Nbd7 6.Be2 Bd6 7.O-O Qe7 8.Nc3 O-O
9.d4 b6 10.Rc1 Ba6 11.cxd5 Bxe2 12.Qxe2 cxd5 13.Nb5 Rfc8  1/2-1/2

[Event "Astral Open"]
[Site "Bucharest ROM"]
[Date "2001.04.23"]
[Round "2"]
[White "Berechet,O"]
[Black "Itkis,B"]
[Result "0-1"]
[WhiteElo "2234"]
[BlackElo "2442"]

1.c4 c6 2.e4 d5 3.exd5 cxd5 4.cxd5 Nf6 5.Bb5+ Nbd7 6.Nc3 a6 7.Qa4 Rb8 8.Bxd7+ Bxd7
9.Qb3 b5 10.d3 e6 11.Bg5 Be7 12.Bf4 Rb6 13.Be3 Rb7 14.Nf3 b4 15.d6 Bxd6 16.Ne4 Be7
17.Nc5 Bxc5 18.Bxc5 Qa5 19.Bd6 Qb6 20.Be5 O-O 21.O-O Bc6 22.Nd2 Bd5 23.Nc4 Qc6
24.Bxf6 gxf6 25.Qd1 Rb5 26.Ne3 Kh8 27.Rc1 Qd6 28.Nxd5 Rxd5 29.Qf3 f5 30.Rfd1 Rd8
31.g3 Kg7  0-1

[Event "4th Open"]
[Site "Tanta City EGY"]
[Date "2001.04.23"]
[Round "5"]
[White "El Ghazali,Y"]
[Black "Ghonimy,S"]
[Result "1-0"]
[WhiteElo "2343"]
[BlackElo "2256"]

1.c4 c6 2.Nf3 d5 3.g3 Nf6 4.Bg2 Bf5 5.O-O e6 6.d3 dxc4 7.dxc4 Qxd1 8.Rxd1 Nbd7
9.b3 Bc5 10.Bb2 O-O 11.Nc3 Rfd8 12.Nh4 Ng4 13.e3 Bc2 14.Rd2 Nxe3 15.Re1 Nf6
16.Rxd8+ Rxd8 17.fxe3 Ng4 18.Bf3 Ne5 19.Be4 g5 20.Bxc2 gxh4 21.Re2 Ng4 22.Ne4 Bxe3+
23.Kg2 Bd4 24.Bxd4 Rxd4 25.Kh3 hxg3 26.Kxg4 gxh2 27.Rxh2 f5+ 28.Kf3 fxe4+
29.Bxe4 a5 30.Kf4 Rd7 31.Ke5 a4 32.Kxe6 Rd1 33.Bxh7+ Kg7 34.Be4 Re1 35.Rg2+ Kf8
36.Rg4 Re3 37.b4 Re2 38.c5 Rd2 39.Bh7  1-0

[Event "Astral Open"]
[Site "Bucharest ROM"]
[Date "2001.04.24"]
[Round "3"]
[White "Ionescu,Co"]
[Black "Murariu,A"]
[Result "1-0"]
[WhiteElo "2515"]
[BlackElo "2279"]

1.c4 c6 2.Nf3 d5 3.e3 Nf6 4.Nc3 Bf5 5.cxd5 cxd5 6.Qb3 Bc8 7.Bb5+ Nc6 8.Ne5 Qd6
9.d4 e6 10.O-O Be7 11.Bd2 O-O 12.f4 Bd7 13.Bd3 Na5 14.Qd1 Rfc8 15.b3 Qb6
16.Nxd7 Nxd7 17.f5 Nf6 18.Na4 Qd8 19.fxe6 fxe6 20.Qf3 b6 21.Qh3 Qd7 22.Rxf6 Bxf6
23.Qxh7+ Kf7 24.Bb4  1-0

[Event "Ch-Kaissa Club"]
[Site "Kharkov UKR"]
[Date "2001.04.24"]
[Round "7"]
[White "Kalinski,I"]
[Black "Jadvizhena,N"]
[Result "1-0"]
[WhiteElo "2240"]
[BlackElo "2206"]

1.c4 c6 2.Nf3 d5 3.e3 Nf6 4.Nc3 g6 5.d4 Bg7 6.Bd3 O-O 7.O-O Bg4 8.h3 Bxf3
9.Qxf3 e6 10.Bd2 Nbd7 11.Rad1 dxc4 12.Bxc4 e5 13.Bb3 exd4 14.exd4 Nb6 15.Bg5 Qd6
16.Rfe1 Rfe8 17.Rxe8+ Rxe8 18.g3 Nbd5 19.Kg2 h6 20.Bc1 b5 21.Bd2 Nxc3 22.bxc3 Nd5
23.a4 a6 24.c4 bxc4 25.Bxc4 Re7 26.a5 Nc7 27.Bf4 Qd7 28.Qb3 Nb5 29.Qd3 Kh7
30.h4 Qd8 31.h5 Nd6 32.Bxf7 Nxf7 33.hxg6+ Kh8 34.gxf7 Qxa5 35.Qf3 Qd5 36.Qxd5 cxd5
37.Bxh6 Bxh6 38.Rh1 Kg7 39.Rxh6 Re4 40.Rxa6  1-0

[Event "2nd ch-EUR Women"]
[Site "Warsaw POL"]
[Date "2001.04.26"]
[Round "5"]
[White "Reizniece,D"]
[Black "Morkunaite,E"]
[Result "1-0"]
[WhiteElo "2302"]
[BlackElo "2028"]

1.c4 c6 2.Nf3 Nf6 3.g3 d5 4.Bg2 e6 5.b3 Bd6 6.Bb2 O-O 7.Qc2 Re8 8.Nc3 a6
9.d4 Bb4 10.O-O Bxc3 11.Bxc3 Ne4 12.Bb2 Nd7 13.Rad1 b5 14.Ne5 Bb7 15.Nxd7 Qxd7
16.Bxe4 dxe4 17.Qxe4 Qe7 18.c5 Rad8 19.b4 Rd5 20.Qg2 Red8 21.e4 R5d7 22.f4 f6
23.Qc2 Qf7 24.a3 f5 25.Rde1 Re7 26.Re3 Rde8 27.Rfe1 Bc8 28.Qb3 Kf8 29.Qd1 Qg6
30.Qe2 Qf7 31.Qg2 Bd7 32.h3 g6 33.Kh2 Kg8 34.Qd2 h6 35.Rf3 Bc8 36.g4 Kh7
37.Qf2 Rg8 38.Rfe3 Rge8 39.Bc3 Bd7 40.Rg3 Rf8 41.Rf3 fxg4 42.hxg4 e5 43.f5 exd4
44.Bxd4 Rg8 45.Rh3 gxf5 46.Rxh6+  1-0

[Event "TSGM"]
[Site "Belgrade YUG"]
[Date "2001.04.27"]
[Round "7"]
[White "Narciso Dublan,M"]
[Black "Matulovic,M"]
[Result "1/2-1/2"]
[WhiteElo "2544"]
[BlackElo "2420"]

1.c4 c6 2.e4 d5 3.exd5 cxd5 4.d4 Nf6 5.Nc3 Nc6 6.Nf3 Bg4 7.cxd5 Nxd5 8.Qb3 Bxf3
9.gxf3 Nb6 10.Be3 e6 11.O-O-O Be7 12.d5 exd5 13.Nxd5 Nxd5 14.Rxd5 Qc7 15.Kb1 O-O
16.f4 Rad8 17.Bg2 Rxd5 18.Bxd5 Bf6 19.Rd1 g6 20.h4 Rd8 21.h5 gxh5 22.Rg1+ Kh8  1/2-1/2

[Event "Ch-Kaissa Club"]
[Site "Kharkov UKR"]
[Date "2001.04.27"]
[Round "10"]
[White "Ivanov,AndA"]
[Black "Romashko,A"]
[Result "1-0"]
[WhiteElo "2297"]
[BlackElo "2049"]

1.c4 c6 2.e4 d5 3.exd5 cxd5 4.cxd5 Nf6 5.Nc3 Nxd5 6.Nf3 e6 7.d4 Bb4 8.Bd2 O-O
9.Bd3 b6 10.O-O Bb7 11.Re1 Nf6 12.Bg5 Nc6 13.Rc1 Be7 14.Bb1 Qd7 15.Ne5 Qe8
16.Bxf6 Bxf6 17.Qd3 g6 18.Ne4 Bxe5 19.dxe5 Qe7 20.Nf6+ Kg7 21.Qe4 Rac8 22.Qh4 Rh8
23.Red1 Rcd8 24.Be4 Nd4 25.Nh5+ Kf8 26.Qxe7+ Kxe7 27.Rc7+ Kf8 28.Rxb7 Ne2+
29.Kf1 Rxd1+ 30.Kxe2 Rd8 31.Nf6 Kg7 32.Rxa7 Rd4 33.Rd7 Rb4 34.b3 Rc8 35.f4 Rc1
36.g4 Rc8 37.g5 Rb5 38.h4 Rbc5 39.h5  1-0

[Event "TCh-FRA"]
[Site "Montpellier FRA"]
[Date "2001.04.28"]
[Round "8"]
[White "Chabanon,JL"]
[Black "Eliet,N"]
[Result "1-0"]
[WhiteElo "2469"]
[BlackElo "2398"]

1.c4 c6 2.e4 d5 3.exd5 cxd5 4.d4 Nf6 5.Nc3 Nc6 6.Bg5 Be6 7.a3 g6 8.Bxf6 exf6
9.g3 Bh6 10.Bg2 Ne7 11.c5 O-O 12.Nge2 f5 13.Qd3 Qd7 14.O-O Kg7 15.Rfe1 Ng8
16.Qb5 Qxb5 17.Nxb5 Nf6 18.Nc1 Rfc8 19.b4 Ne4 20.f3 Nf6 21.Nd6 Rc7 22.Nb3 Ne8
23.Nxe8+ Rxe8 24.b5 f4 25.a4 Rce7 26.Kf2 Bg5 27.a5 Bf5 28.Rxe7 Rxe7 29.Re1 Kf8
30.b6 axb6 31.cxb6 Bf6 32.Rxe7 Bxe7 33.gxf4 Bb4 34.Bf1 Ke7 35.a6 bxa6 36.Nc5  1-0

[Event "TSGM"]
[Site "Belgrade YUG"]
[Date "2001.04.29"]
[Round "9"]
[White "Mozetic,D"]
[Black "Matulovic,M"]
[Result "1-0"]
[WhiteElo "2480"]
[BlackElo "2420"]

1.c4 c6 2.d4 Nf6 3.Nc3 d5 4.e3 a6 5.Nf3 b5 6.b3 Bg4 7.Be2 e6 8.O-O Nbd7 9.Bb2 Bd6
10.Ne5 Bxe2 11.Nxe2 Qc7 12.cxd5 cxd5 13.Rc1 Qb8 14.Nc6 Qb7 15.Nf4 O-O 16.Ne5 Rfc8
17.f3 Rxc1 18.Qxc1 Rc8 19.Qd2 Qc7 20.Rc1 Qb7 21.Nfd3 Rxc1+ 22.Qxc1 Qc7 23.Qxc7 Bxc7
24.Nc6 Nb8 25.Nxb8 Bxb8 26.Nc5 a5 27.a3 Kf8 28.Bc3 Bc7 29.Nb7 a4 30.bxa4 bxa4
31.Bb4+ Ke8 32.Nc5 e5 33.dxe5 Bxe5 34.Nxa4 Kd7 35.g3 Kc6 36.Nc3 g5 37.Kg2 h5
38.a4 d4 39.exd4 Bxd4 40.h3 Nd7 41.Ne4 f6 42.h4 g4 43.fxg4 hxg4 44.Bc3 Kd5
45.Bxd4 Kxd4 46.Nf2 f5 47.h5 Kc5 48.h6 Nf8 49.Nd3+ Kb6 50.Kf2 Ka5 51.Nb2 Kb4
52.Ke3 Ng6 53.h7 Ka5 54.Nd3 Kxa4 55.Ne5 Nh8 56.Kf4 Kb5 57.Kxf5 Kc5 58.Kf6 Kd5
59.Nf7 Nxf7 60.Kxf7 Ke4 61.h8=Q Kf3 62.Qh4  1-0

[Event "TCh-FRA"]
[Site "Montpellier FRA"]
[Date "2001.04.29"]
[Round "9"]
[White "Roos,L"]
[Black "Prie,E"]
[Result "1-0"]
[WhiteElo "2381"]
[BlackElo "2500"]

1.c4 c6 2.Nf3 d5 3.e3 Nf6 4.b3 Bg4 5.h3 Bh5 6.Bb2 e6 7.Nc3 Bd6 8.Be2 Nbd7
9.O-O O-O 10.cxd5 exd5 11.Nd4 Bxe2 12.Qxe2 g6 13.f4 Qe7 14.Rae1 Ne4 15.d3 Nxc3
16.Bxc3 Bb4 17.Bxb4 Qxb4 18.f5 Rae8 19.Qf2 Ne5 20.Rd1 Qc3 21.Qh4 Nxd3 22.f6 Kh8
23.Qh6 Rg8 24.Nf3 Re5 25.Rxd3  1-0

[Event "Bundesliga 2000-1"]
[Site "Tegel GER"]
[Date "2001.04.29"]
[Round "15"]
[White "Poldauf,D"]
[Black "Blecken,V"]
[Result "1-0"]
[WhiteElo "2405"]
[BlackElo "2283"]

1.c4 c6 2.Nf3 d5 3.Qc2 Nf6 4.g3 e6 5.Bg2 Be7 6.O-O O-O 7.b3 a5 8.a3 b5 9.d3 Ba6
10.Nbd2 Nbd7 11.Bb2 Rc8 12.e4 Qb6 13.Rab1 Rfd8 14.Rfe1 Qa7 15.Rbc1 a4 16.b4 dxc4
17.dxc4 c5 18.e5 Ne8 19.cxb5 Bxb5 20.Qe4 Qa6 21.Bf1 Bxf1 22.Nxf1 Nc7 23.Ne3 Nb5
24.Red1 cxb4 25.Rxc8 Qxc8 26.axb4 a3 27.Ba1 Nc3 28.Bxc3 Qxc3 29.b5 Rc8 30.Qb7 Qc7
31.Qe4 Nb6 32.Nd4 Bf8 33.Nc6 Ra8 34.Ra1 Ra4 35.Qc2 Ra8 36.Ra2 Nd5 37.Nxd5 exd5
38.Qb3 Qb7 39.Qxd5 Qb6 40.Ne7+  1-0

[Event "Backa Open"]
[Site "Palanka YUG"]
[Date "2001.05.04"]
[Round "3"]
[White "Stanojevic,B"]
[Black "Stojanovic,Mih"]
[Result "0-1"]
[WhiteElo "2352"]
[BlackElo "2414"]

1.c4 c6 2.Nf3 d5 3.b3 dxc4 4.bxc4 e5 5.Qc2 Bd6 6.Bb2 Qe7 7.d3 Nf6 8.Nbd2 O-O
9.e3 Na6 10.Be2 Bf5 11.O-O Rad8 12.Rfd1 Rfe8 13.Nh4 Bc8 14.Nhf3 Nc5 15.Ng5 b5
16.cxb5 cxb5 17.d4 exd4 18.Bxd4 h6 19.Rac1 hxg5 20.Bxc5 Bg4 21.Bxd6 Rxd6
22.Nf3 Rc8 23.Qxc8+ Bxc8 24.Rxc8+ Kh7 25.Nxg5+ Kg6 26.Rxd6 Qxd6 27.Nf3 Nd7
28.Rd8 Kf6 29.Bxb5 Qb6 30.Rxd7 Qxb5 31.Rd1 Qb2 32.h4 Qxa2 33.Rd4 a5 34.Nd2 a4
35.Nc4 Ke6 36.g4 f6 37.Kg2 g6 38.Kg3 Qb3 39.g5 fxg5 40.hxg5 a3 41.Nxa3 Qxa3
42.Rf4 Qd6 43.Kg4 Qd1+ 44.Kh4 Qh5+ 45.Kg3 Qxg5+ 46.Rg4 Qh5 47.Rh4 Qd1 48.Kg2 g5
49.Rd4 Qe2 50.Rb4 Kf5 51.Rd4 Qc2 52.Kg3 Qc1 53.Kg2 Qc6+ 54.f3 Qc2+ 55.Kf1 Kg6
56.Rd6+ Kh5 57.Rd4 Qb2 58.Rg4 Qd2 59.Re4 Kg6 60.Re8 Kf6 61.Re4 Kf7 62.Rg4 Qxe3
63.Kg2 Qe2+ 64.Kg3 Kf6 65.Re4 Qf1 66.Rg4 Qg1+ 67.Kh3 Qf2  0-1

[Event "Karpov It"]
[Site "Poikovsky RUS"]
[Date "2001.05.07"]
[Round "7"]
[White "Zvjaginsev,V"]
[Black "Morovic Fernandez,I"]
[Result "1-0"]
[WhiteElo "2627"]
[BlackElo "2565"]

1.c4 c6 2.Nf3 d5 3.e3 Nf6 4.Nc3 e6 5.b3 Nbd7 6.Qc2 Bd6 7.Bb2 O-O 8.Be2 Re8
9.h3 e5 10.cxd5 Nxd5 11.Ne4 Bc7 12.a3 N7f6 13.d3 Nxe4 14.dxe4 Nf6 15.O-O Qe7
16.Rfd1 Be6 17.Ng5 Rad8 18.a4 h6 19.Nxe6 Qxe6 20.b4 Qe7 21.b5 Rxd1+ 22.Rxd1 cxb5
23.axb5 Bb6 24.Bc4 Qc7 25.Ba3 Rd8 26.Rxd8+ Qxd8 27.g3 Qd7 28.Kg2 h5 29.Bb4 g6
30.Ba3 Qc7 31.Qd3 Qd7 32.Qc3 Qc7 33.Qb4 Qd8 34.Bb3 Qe8 35.Qd6 Kg7 36.Kf3 Nh7
37.Bd5 Ng5+ 38.Kg2 Qc8 39.Qxe5+ Kh6 40.Qf4 Qxh3+ 41.Kg1 Bd8 42.Bxf7 Qd7 43.Bd5 Be7
44.Bxe7 Qxe7 45.e5 a6 46.b6 Qc5 47.e4 a5 48.Kg2 a4 49.Qf6 Qc8 50.e6  1-0

[Event "XXXVI Capablanca Mem Premier I"]
[Site "Havana CUB"]
[Date "2001.05.08"]
[Round "4"]
[White "Szekely,P"]
[Black "Perez,Rod"]
[Result "1/2-1/2"]
[WhiteElo "2429"]
[BlackElo "2471"]

1.c4 c6 2.Nf3 d5 3.b3 Nf6 4.Bb2 Nbd7 5.cxd5 cxd5 6.e3 e6 7.Nc3 a6 8.d4 Bd6
9.Bd3 O-O 10.O-O b6  1/2-1/2

[Event "TCh-RUS"]
[Site "Tomsk RUS"]
[Date "2001.05.13"]
[Round "1"]
[White "Ovechkin,I"]
[Black "Erikalov,A"]
[Result "0-1"]
[WhiteElo "2359"]
[BlackElo "2475"]

1.c4 c6 2.Nf3 d5 3.d4 Nf6 4.Nc3 e6 5.g3 dxc4 6.Bg2 b5 7.Ne5 Nd5 8.O-O Bb7
9.a4 a6 10.e4 Nxc3 11.bxc3 Nd7 12.f4 Be7 13.Qg4 O-O 14.f5 Nf6 15.Qh3 exf5
16.Rxf5 Qe8 17.g4 c5 18.d5 Bc8 19.g5 Bd6 20.gxf6 Bxe5 21.fxg7 Bxg7 22.Bf4 Bxf5
23.exf5 Qe2 24.Rf1 Rae8 25.d6 Kh8 26.d7 Rd8 27.f6 Bxf6 28.Bc7 Qe7 29.Bxd8 Rxd8
30.Rd1 Qe5 31.axb5 axb5 32.Kh1 Qxc3 33.Qh5 Qc2 34.Rf1 Rg8 35.Qd5 Qb2 36.Be4 Be5
37.Bg2 Qd4 38.Qxf7 Qh4 39.Bh3 Qe4+ 40.Rf3 Qd4 41.Rf1 Qd2 42.Rf2 Qg5 43.Bg2 Bd4
44.Rc2 c3 45.h3 Qg6 46.Qd5 Rd8 47.Rc1 Qg7 48.Rf1 c2 49.Qe4 Qxd7 50.Qxc2 Qe6
51.Qb1 b4 52.Re1 Qg6 53.Qb3 Rf8 54.Qc4 Rg8 55.Bd5 Qf5 56.Bg2 Qf2 57.Qe2  0-1

[Event "TCh-RUS"]
[Site "Tomsk RUS"]
[Date "2001.05.13"]
[Round "1"]
[White "Telnov,V"]
[Black "Arkhipov,S"]
[Result "0-1"]
[WhiteElo "2401"]
[BlackElo "2531"]

1.c4 c6 2.e4 d5 3.exd5 cxd5 4.d4 Nf6 5.Nc3 g6 6.Nf3 Bg7 7.Be2 O-O 8.O-O Nc6
9.h3 Be6 10.c5 Ne4 11.Be3 Nxc5 12.dxc5 d4 13.Nxd4 Nxd4 14.Bf3 Nxf3+ 15.Qxf3 Qc7
16.Rac1 Rfd8 17.Rfd1 Qc6 18.Qe2 a6 19.b3 Be5 20.Na4 Qc7 21.Bh6 Bd4 22.Rc2 Qe5
23.Qxe5 Bxe5 24.Rcd2 Bc7 25.Kf1 f6 26.Be3 Kf7 27.Ke2 Rxd2+ 28.Rxd2 g5 29.f3 h5
30.Rd4 Rg8 31.Rb4 Bd5 32.Nc3 Bc6 33.Rc4 g4 34.hxg4 hxg4 35.fxg4 Bxg2 36.b4 Be5
37.Ne4 Ke6 38.Nf2 Bd5 39.Rc1 Bxa2 40.c6 b5 41.c7 Bc4+ 42.Kd2 Bxc7 43.Ra1 Ra8
44.Ne4 Be5 45.Ra5 Kf7 46.Nc5 Rh8 47.Rxa6 Rh2+ 48.Kd1 Be2+ 49.Kc1 Bxg4 50.Rb6 Bb2+  0-1

[Event "TCh-YUG"]
[Site "Herceg Novi YUG"]
[Date "2001.05.14"]
[Round "1"]
[White "Zvjaginsev,V"]
[Black "Khenkin,I"]
[Result "1/2-1/2"]
[WhiteElo "2627"]
[BlackElo "2609"]

1.c4 c6 2.Nf3 d5 3.e3 Nf6 4.Nc3 e6 5.b3 Bd6 6.Bb2 O-O 7.Be2 dxc4 8.Bxc4 b5
9.Be2 b4 10.Na4 Nbd7 11.Rc1 Bb7 12.d4 Qe7 13.Ne5 c5  1/2-1/2

[Event "TCh-RUS"]
[Site "Tomsk RUS"]
[Date "2001.05.14"]
[Round "2"]
[White "Labunskiy,D"]
[Black "Petukhov,Val"]
[Result "0-1"]
[WhiteElo "2424"]
[BlackElo "2497"]

1.c4 c6 2.d4 d5 3.Nf3 e6 4.Nc3 f5 5.Bf4 Nf6 6.e3 Be7 7.h3 Nbd7 8.Bd3 Ne4
9.Qc2 Qa5 10.O-O Nxc3 11.bxc3 Nf6 12.Ne5 O-O 13.a4 Qd8 14.Rab1 Bd6 15.Bh2 Nd7
16.Nf3 Bxh2+ 17.Kxh2 Qf6 18.cxd5 exd5 19.c4 dxc4 20.Qxc4+ Kh8 21.Rfc1 g5
22.a5 g4 23.Ng1 f4 24.Rc2 Qh6 25.exf4 gxh3 26.g3 Nf6 27.f3 Nd5 28.Re2 b5
29.Qc5 Bf5 30.Be4 b4 31.Rbe1 b3 32.Rb2 Rab8 33.Qxa7 Ra8 34.Qc5 Rab8 35.a6 Nxf4
36.gxf4 Qxf4+ 37.Kh1 Qg3 38.Qe5+ Qxe5 39.dxe5 Be6 40.Kh2 Rbc8 41.a7 Ra8 42.Ra1 Rf7
43.Bxc6 Rfxa7 44.Rxa7 Rxa7 45.Kg3 Ra2 46.Rb1 Rg2+ 47.Kf4 h2 48.Ne2 Rxe2 49.Be4 b2  0-1

[Event "Bosnia 2001"]
[Site "Sarajevo BIH"]
[Date "2001.05.15"]
[Round "3"]
[White "Dizdarevic,E"]
[Black "Kurajica,B"]
[Result "1/2-1/2"]
[WhiteElo "2501"]
[BlackElo "2567"]

1.c4 c6 2.Nf3 d5 3.e3 Nf6 4.d4 g6 5.Nc3 Bg7 6.Bd3 O-O 7.O-O Bg4 8.h3 Bxf3
9.Qxf3 e6 10.Rd1 Nbd7 11.Bd2 dxc4 12.Bxc4 e5 13.Bb3  1/2-1/2

[Event "TCh-RUS"]
[Site "Tomsk RUS"]
[Date "2001.05.16"]
[Round "4"]
[White "Vekshenkov,N"]
[Black "Lastin,A"]
[Result "1/2-1/2"]
[WhiteElo "2449"]
[BlackElo "2627"]

1.c4 c6 2.e4 d5 3.exd5 Nf6 4.d4 cxd5 5.Nc3 e6 6.Nf3 Bb4 7.Bd3 dxc4 8.Bxc4 O-O
9.O-O a6 10.Bg5 b5 11.Bb3 Bb7 12.Qe2 Nbd7 13.Rfd1 Bxc3 14.bxc3 Rc8 15.Ne5 Qc7
16.Nxd7 Nxd7 17.Rd3 Bd5 18.Rh3 Bxb3 19.axb3 Qc6 20.Qd3 g6 21.Re1 Qd5 22.Bh6 Rfe8
23.b4 Rc6 24.Qg3 f6 25.Qh4 Re7 26.Rf3 e5 27.Rfe3 Rce6 28.Qh3 f5 29.Qh4 Re8  1/2-1/2